|
|
|
|
| LEADER |
00000nam0a2200000 4500 |
| 001 |
292906 |
| 005 |
20231102000537.0 |
| 020 |
|
|
|a RU
|b 80-27487
|
| 035 |
|
|
|a (RuTPU)RU\TPU\book\317590
|
| 090 |
|
|
|a 292906
|
| 100 |
|
|
|a 20150427d1980 k y0rusy5003 ca
|
| 101 |
0 |
|
|a rus
|
| 102 |
|
|
|a RU
|
| 105 |
|
|
|a a z 001zy
|
| 200 |
1 |
|
|a Определение экономической эффективности геофизических работ на нефть и газ
|f Е. А. Козлов
|
| 210 |
|
|
|a Москва
|c Недра
|d 1980
|
| 215 |
|
|
|a 140 с.
|c ил.
|
| 320 |
|
|
|a Библиогр.: с. 138-140.
|
| 606 |
1 |
|
|a Геофизическая разведка
|x Экономическая эффективность
|2 stltpush
|3 (RuTPU)RU\TPU\subj\6264
|9 34192
|
| 610 |
1 |
|
|a нефтяные месторождения
|
| 610 |
1 |
|
|a поиски
|
| 610 |
1 |
|
|a газовые месторождения
|
| 610 |
1 |
|
|a разведка
|
| 610 |
1 |
|
|a экономико-математическое моделирование
|
| 610 |
1 |
|
|a погрешности
|
| 610 |
1 |
|
|a расчеты
|
| 675 |
|
|
|a 550.83
|z rus
|v 3
|
| 700 |
|
1 |
|a Козлов
|b Е. А.
|g Евгений Алексеевич
|4 070
|
| 801 |
|
0 |
|a RU
|b RuMRKP
|c 19950704
|g psbo
|
| 801 |
|
1 |
|a RU
|b 63413507
|c 20150427
|
| 801 |
|
2 |
|a RU
|b 63413507
|c 20220603
|g RCR
|
| 942 |
|
|
|c BK
|